El legado de Noé (Record no. 140891)

MARC details
000 -LEADER
campo de control de longitud fija 00642nam a2200193 i 4500
001 - NÚMERO DE CONTROL
campo de control 140891
003 - IDENTIFICADOR DE NÚMERO DE CONTROL
campo de control ES-MaACL
005 - FECHA Y HORA DE LA ÚLTIMA TRANSACCIÓN
campo de control 20250812225910.0
007 - CAMPO FIJO DE DESCRIPCIÓN FÍSICA--INFORMACIÓN GENERAL
campo de control de longitud fija t|
008 - DATOS DE LONGITUD FIJA--INFORMACIÓN GENERAL
campo de control de longitud fija 070918s1963 sp ||||1| spa d
100 1# - ENTRADA PRINCIPAL--NOMBRE DE PERSONA
Nombre de persona Wendt, Herbert.
9 (RLIN) 116486
245 13 - MENCIÓN DEL TÍTULO
Título El legado de Noé
Resto del título : historia del descubrimiento de los animales /
Mención de responsabilidad, etc. Herbert Wendt ; traducción por Ramón Margalef.
260 ## - PUBLICACIÓN, DISTRIBUCIÓN, ETC.
Lugar de publicación, distribución, etc. Barcelona :
Nombre del editor, distribuidor, etc. Labor,
Fecha de publicación, distribución, etc. [1963]
300 ## - DESCRIPCIÓN FÍSICA
Extensión 493 p., 18 lám. :
Otras características físicas il. ;
Dimensiones 22 cm.
650 #7 - PUNTO DE ACCESO ADICIONAL DE MATERIA--TÉRMINO DE MATERIA
Término de materia o nombre geográfico como elemento de entrada Animales
Fuente del encabezamiento o término embne
9 (RLIN) 135562
700 1# - ENTRADA AGREGADA--NOMBRE PERSONAL
Nombre de persona Margalef, Ramón,
Fechas asociadas al nombre 1919-2004
9 (RLIN) 76608
852 ## - LOCALIZACIÓN
Ubicación ES-MaACL
Número de control de estantería C-24057
Sublocalización o colección R.52979
Holdings
Estatus retirado Estado de pérdida Estado de daño No para préstamo Biblioteca de origen Biblioteca actual Ubicación en estantería Fecha de adquisición Fuente de adquisición Total de préstamos Signatura topográfica completa Código de barras Visto por última vez Precio de reemplazo Tipo de ítem Koha
        Biblioteca del Ateneo de Madrid Biblioteca del Ateneo de Madrid Depósito 2 17/01/2008     C-24057 1146606 23/02/2023 23/02/2023 Libro impreso